000 00599nam a2200241Ia 4500
003 OSt
005 20220918201139.0
006 a|||||r|||| 00| 0
007 ta
008 220917b |||||||| |||| 00| 0 eng d
024 _a91,971
037 _cTextual
040 _aARTS
_cARTS
_beng
041 _2eng
_aeng
082 _aU.9392.g1, L3
100 _aWallaxce R
_997069
245 0 _aGrand Canoyn
260 _aAmsterdam
_bWorld Wide
_c1972
300 _a184p.
_ccm.
650 _aGEOGRAPHY
942 _hU.9392.g1, L3
_cTEXL
_2CC
999 _c215625
_d215625